Formula One: Most Races without a Win - Statistics

General Stats
  • This quiz has been taken 382 times
    61 since last reset
  • The average score is 12 of 20
Answer Stats
Races Started Driver Country Active Years % Correct
250 Nico Hülkenberg Germany 2010, 2012-2020, 2022-
98%
189 Lance Stroll Canada 2017-
92%
128 Alexander Albon Thailand 2019-2020, 2022-
91%
111 Yuki Tsunoda Japan 2021-2025
91%
179 Romain Grosjean France 2009, 2012-2020
89%
185 Kevin Magnussen Denmark 2014-2020, 2022-2024
87%
110 Daniil Kvyat Russia 2014-2017, 2019-2020
85%
107 Jos Verstappen Netherlands 1994-1998, 2000-2001, 2003
68%
105 Pedro de la Rosa Spain 1999-2002, 2005-2006, 2010-2012
66%
183 Nick Heidfeld Germany 2000-2011
64%
110 Mika Salo Finland 1994-2000, 2002
60%
208 Andrea de Cesaris Italy 1980-1994
53%
158 Martin Brundle United Kingdom 1984-1989, 1991-1996
53%
128 Adrian Sutil Germany 2007-2011, 2013-2014
51%
132 Eddie Cheever United States 1978, 1980-1989
38%
134 Jean-Pierre Jarier France 1971, 1973-1983
34%
147 Derek Warwick United Kingdom 1981-1990, 1993
32%
98 Pedro Diniz Brazil 1995-2000
25%
119 Pierluigi Martini Italy 1984-1985, 1988-1995
25%
109 Philippe Alliot France 1984-1990, 1993-1994
23%
No matching quizzes found
Score Distribution
Percent of People with Each Score
Percentile by Number Answered
Your Score History
You have not taken this quiz since the last reset